| 000 | 00353nam a22001577a 4500 | ||
|---|---|---|---|
| 003 | SGT | ||
| 020 | _a81-317-0556-5 | ||
| 082 |
_a651.3 _bF07D |
||
| 100 | _aDIX, COLIN | ||
| 245 | _aFRONT OFFICE MANAGEMENT | ||
| 250 | _a4TH | ||
| 260 |
_aNEW DELHI _bPEARSON EDUCATION INDIA _c2007 |
||
| 300 | _a218 | ||
| 650 | _aHOTEL MANAGEMENT | ||
| 942 |
_2ddc _cBK _01 |
||
| 999 |
_c12852 _d12852 |
||